000
00279nam a2200121Ia 4500
005
20251222141824.0
008
251222s9999||||xx |||||||||||||| ||spa||
082
_a
025.49/G96
100
_a
Gutiérrez Muñoz, César
245
0
_a
Archivísticas
264
_b
Fredy's
942
_c
LIB
999
_c
6899
_d
6899